000 00356nam a2200157Ia 4500
003 OSt
005 20240404123807.0
008 170523s9999 xx 000 0 und d
020 _aNIL
040 _cIIMT UNIVERSITY,MEERUT
100 _aCARNEGIE- D
245 0 _aMANORMA YEAR BOOK 1996
260 _bMANORMA PUBLICATION
260 _c1988
942 _2ddc
_c02
999 _c546
_d546